| 000 | 00369nam a2200157Ia 4500 | ||
|---|---|---|---|
| 999 |
_c2273 _d2273 |
||
| 003 | OSt | ||
| 005 | 20200901144805.0 | ||
| 008 | 190802s9999 xx 000 0 und d | ||
| 020 | _a978-1-292-22385-8 | ||
| 040 | _cmaju | ||
| 100 | _aPaul Deitel | ||
| 245 | 0 | _aJava How to program Early objects | |
| 260 |
_aUSA _bPearson _c2018 |
||
| 300 | _a1286:p | ||
| 942 |
_cBK _2ddc |
||